Engineering economy (Record no. 1549)

000 -LEADER
fixed length control field 00674nam a22002294a 4500
001 - CONTROL NUMBER
control field 1549
003 - CONTROL NUMBER IDENTIFIER
control field BD-DhUET
008 - FIXED-LENGTH DATA ELEMENTS--GENERAL INFORMATION
fixed length control field 000424s2001 njua b 001 0 eng
020 ## - INTERNATIONAL STANDARD BOOK NUMBER
International Standard Book Number 013028128X
040 ## - CATALOGING SOURCE
Original cataloging agency DLC
Transcribing agency DLC
Modifying agency BD-DhUET
082 00 - DEWEY DECIMAL CLASSIFICATION NUMBER
Classification number 620.02
Item number THU/2001
100 ## - MAIN ENTRY--PERSONAL NAME
Personal name Thuesen, G. J.
245 10 - TITLE STATEMENT
Title Engineering economy
Statement of responsibility, etc. by G.J. Thuesen and W.J. Fabrycky
250 ## - EDITION STATEMENT
Edition statement 9th ed.
260 ## - PUBLICATION, DISTRIBUTION, ETC. (IMPRINT)
Place of publication, distribution, etc. New Jersy
Name of publisher, distributor, etc. Prentice Hall
Date of publication, distribution, etc. 2001
300 ## - PHYSICAL DESCRIPTION
Extent xiv, 637 p.
Other physical details ill.
Dimensions 25 cm.
490 ## - SERIES STATEMENT
Series statement Prentice hall international series in industrial and sytems engineering
504 ## - BIBLIOGRAPHY, ETC. NOTE
Bibliography, etc Includes bibliographies
650 #0 - SUBJECT ADDED ENTRY--TOPICAL TERM
Topical term or geographic name as entry element Engineering economy
700 1# - ADDED ENTRY--PERSONAL NAME
Personal name Fabrycky, W. J.
942 ## - ADDED ENTRY ELEMENTS (KOHA)
Koha item type General Book
Holdings
Koha normalized classification for sorting Copy number Not for loan Withdrawn status Source of classification or shelving scheme Damaged status Lost status Koha item type Date acquired Koha full call number Koha date last seen Shelving location Location (home branch) Sublocation or collection (holding branch) Piece designation (barcode) Price effective from Koha issues (times borrowed) Koha date last borrowed
620_000000000000000_02THU20011     General Book2014-09-08620.02/THU/20012014-09-08Circulation sectionCentral Library, BUETCentral Library, BUET1025962014-09-08  
620_000000000000000_02THU20012     General Book2014-09-08620.02/THU/20012014-09-08Circulation sectionCentral Library, BUETCentral Library, BUET1025942014-09-08  
620_000000000000000_02THU20013     General Book2014-09-08620.02/THU/20012021-12-20Circulation sectionCentral Library, BUETCentral Library, BUET1025902014-09-0812021-11-29
620_000000000000000_02THU20014     General Book2014-09-08620.02/THU/20012014-09-08Circulation sectionCentral Library, BUETCentral Library, BUET1025952014-09-08  
620_000000000000000_02THU20015     General Book2014-09-08620.02/THU/20012014-09-08Circulation sectionCentral Library, BUETCentral Library, BUET1025892014-09-08  
620_000000000000000_02THU20016     General Book2014-09-08620.02/THU/20012014-09-08Circulation sectionCentral Library, BUETCentral Library, BUET1025882014-09-08  
620_000000000000000_02THU20018     General Book2014-09-08620.02/THU/20012022-04-16Circulation sectionCentral Library, BUETCentral Library, BUET1025922014-09-0822022-03-21
620_000000000000000_02THU20019     General Book2014-09-08620.02/THU/20012014-09-08Circulation sectionCentral Library, BUETCentral Library, BUET1025912014-09-08  
620_000000000000000_02THU200110     General Book2014-09-15620.02/THU/20012014-09-15Circulation sectionCentral Library, BUETCentral Library, BUET1025932014-09-15  
620_000000000000000_02THU200111     General Book2014-09-27620.02/THU/20012021-12-20Circulation sectionCentral Library, BUETCentral Library, BUET1018772014-09-2732021-12-04
620_000000000000000_02THU200112     General Book2014-10-19620.02/THU/20012014-10-19Circulation sectionCentral Library, BUETCentral Library, BUET1128382014-10-19  
620_020000000000000_THU_200113     General Book2014-11-23620.02/THU/20012014-11-23Circulation sectionCentral Library, BUETCentral Library, BUET1018782014-11-23